[Event "Oceania-ch U20"]
[Site "Auckland"]
[Date "2019.01.11"]
[Round "8"]
[White "Chan, Kris"]
[Black "Slater Jones, Tom"]
[Result "1/2-1/2"]
[WhiteElo "2083"]
[BlackElo "2017"]
[PlyCount "87"]
[EventDate "2019.01.08"]
[EventType "swiss"]
[EventRounds "9"]
[EventCountry "NZL"]
[SourceTitle "EXT 2020"]
[Source "ChessBase"]
[SourceDate "2019.10.17"]
[SourceVersion "1"]
[SourceVersionDate "2019.10.17"]
[SourceQuality "1"]

1. d4 d5 2. c4 c6 3. Nc3 Nf6 4. e3 e6 5. Nf3 Nbd7 6. b3 Bb4 7. Bd2 0-0 8. Be2 a6 9. 0-0 Bd6 10. Qc2 b5 11. Bd3 e5 12. e4 bxc4 13. bxc4 exd4 14. Nxd4 dxc4 15. Bxc4 Bxh2+ 16. Kxh2 Ng4+ 17. Kg1 Nde5 18. Nce2 c5 19. Nb3 Be6 20. Bd5 c4 21. Nbd4 Bxd5 22. exd5 Qxd5 23. Nf5 Rfe8 24. Ne3 Nxe3 25. Bxe3 Nd3 26. Nf4 Qe4 27. Nxd3 cxd3 28. Qd2 Rac8 29. Rac1 Rc2 30. Rxc2 dxc2 31. Rc1 Rc8 32. Qd7 Qc4 33. a3 h6 34. Qd4 Qb3 35. Bxh6 f6 36. Bxg7 Qxa3 37. Bh6 Kh7 38. Qd7+ Kxh6 39. Qd2+ Kg7 40. Rxc2 Rxc2 41. Qxc2 a5 42. Qc7+ Kg6 43. Qc2+ Kf7 44. Qc4+ 1/2-1/2

[Event "Oceania-ch U20"]
[Site "Auckland"]
[Date "2019.01.10"]
[Round "5"]
[White "Cannon, David"]
[Black "Chan, Kris"]
[Result "1-0"]
[WhiteElo "2043"]
[BlackElo "2083"]
[PlyCount "69"]
[EventDate "2019.01.08"]
[EventType "swiss"]
[EventRounds "9"]
[EventCountry "NZL"]
[SourceTitle "EXT 2020"]
[Source "ChessBase"]
[SourceDate "2019.10.17"]
[SourceVersion "1"]
[SourceVersionDate "2019.10.17"]
[SourceQuality "1"]

1. Nf3 Nf6 2. b3 d5 3. Bb2 g6 4. c4 c6 5. g3 Bg7 6. Bg2 0-0 7. 0-0 Qb6 8. Qc2 Na6 9. d3 Re8 10. Nbd2 Nb4 11. Qc1 a5 12. a3 Na6 13. Rb1 Bf5 14. h3 Rad8 15. Re1 Nc5 16. b4 axb4 17. axb4 Na4 18. Bd4 Qa6 19. b5 Qa8 20. bxc6 bxc6 21. Ra1 Nd7 22. Bxg7 Kxg7 23. Qd1 Ndc5 24. d4 Qc8 25. dxc5 Nxc5 26. cxd5 Bxh3 27. dxc6 Rd5 28. Bh1 Red8 29. Qc2 Rh5 30. Ra5 Rdd5 31. e4 Bf1 32. Nxf1 Rxh1+ 33. Kxh1 Qh3+ 34. N1h2 Nxe4 35. Rxd5 1-0

[Event "Oceania-ch U20"]
[Site "Auckland"]
[Date "2019.01.09"]
[Round "3"]
[White "Chan, Kris"]
[Black "Zelesco, Karl"]
[Result "0-1"]
[WhiteElo "2083"]
[BlackElo "2412"]
[PlyCount "72"]
[EventDate "2019.01.08"]
[EventType "swiss"]
[EventRounds "9"]
[EventCountry "NZL"]
[SourceTitle "EXT 2020"]
[Source "ChessBase"]
[SourceDate "2019.10.17"]
[SourceVersion "1"]
[SourceVersionDate "2019.10.17"]
[SourceQuality "1"]

1. e4 c6 2. d4 d5 3. Nd2 dxe4 4. Nxe4 Bf5 5. Ng3 Bg6 6. h4 h6 7. Nf3 Nd7 8. h5 Bh7 9. Bd3 Bxd3 10. Qxd3 e6 11. 0-0 Ngf6 12. Re1 Be7 13. Bd2 0-0 14. Rad1 Re8 15. Qb3 Qb6 16. Ne5 Rad8 17. Nc4 Qb5 18. Na5 Rb8 19. Nc4 Nxh5 20. Nxh5 Qxh5 21. Bf4 b5 22. Nd6 Bxd6 23. Bxd6 Ra8 24. Qg3 Nf8 25. Rd3 Ng6 26. Bc5 a5 27. Qc7 Qd5 28. Rf3 e5 29. dxe5 Nh4 30. Rg3 Qxc5 31. e6 Re7 32. Qf4 Ng6 33. Qg4 Kh7 34. Kh2 Qg5 35. Qxg5 hxg5 36. Rxg5 Rxe6 0-1

[Event "Oceania-ch U20"]
[Site "Auckland"]
[Date "2019.01.08"]
[Round "2"]
[White "Chan, Kris"]
[Black "Gong, Noah"]
[Result "1-0"]
[WhiteElo "2083"]
[BlackElo "1960"]
[PlyCount "111"]
[EventDate "2019.01.08"]
[EventType "swiss"]
[EventRounds "9"]
[EventCountry "NZL"]
[SourceTitle "EXT 2020"]
[Source "ChessBase"]
[SourceDate "2019.10.17"]
[SourceVersion "1"]
[SourceVersionDate "2019.10.17"]
[SourceQuality "1"]

1. d4 Nf6 2. Bg5 e6 3. Nd2 h6 4. Bh4 d5 5. e3 Nbd7 6. c4 c6 7. Bd3 Be7 8. Ngf3 b6 9. 0-0 Bb7 10. Rc1 0-0 11. Ne5 Nxe5 12. dxe5 Nd7 13. Bxe7 Qxe7 14. f4 c5 15. Qg4 f5 16. Qg6 Qf7 17. Qxf7+ Kxf7 18. cxd5 Bxd5 19. Nc4 Ke7 20. a4 Rab8 21. Nd6 Bc6 22. Bb5 Bxb5 23. axb5 Ra8 24. Ra1 Nf6 25. Ra3 Ne8 26. Rxa7+ Rxa7 27. Nc8+ Kf7 28. Nxa7 Nc7 29. Rd1 Nd5 30. Nc6 Ra8 31. Kf2 Ra2 32. Rd2 g6 33. Kf3 c4 34. Rf2 g5 35. fxg5 hxg5 36. e4 Nf4 37. exf5 exf5 38. Rc2 Ra4 39. h4 Nd3 40. Rd2 g4+ 41. Ke2 Ra2 42. g3 Ra1 43. Ke3 Rg1 44. Kd4 Rxg3 45. Kxc4 Nc5 46. Rd6 Rf3 47. Nd4 Rf4 48. Rf6+ Ke7 49. Kd5 Nd3 50. Nxf5+ Kd8 51. Kd6 Kc8 52. e6 Rf2 53. e7 Re2 54. Re6 Rxe6+ 55. Kxe6 Nf4+ 56. Kd6 1-0

[Event "Melbourne Australasian IM"]
[Site "Melbourne"]
[Date "2018.12.21"]
[Round "7"]
[White "Chan, Kris"]
[Black "Dale, Ari"]
[Result "0-1"]
[WhiteElo "2191"]
[BlackElo "2371"]
[PlyCount "94"]
[EventDate "2018.12.15"]
[EventType "tourn"]
[EventRounds "9"]
[EventCountry "AUS"]
[EventCategory "1"]
[SourceTitle "CBM 187 Extra"]
[Source "ChessBase"]
[SourceDate "2018.11.04"]
[SourceVersion "1"]
[SourceVersionDate "2018.11.04"]
[SourceQuality "1"]

1. d4 d5 2. Nf3 c5 3. e3 Nc6 4. c3 cxd4 5. exd4 Qc7 6. Be2 Bf5 7. 0-0 e6 8. Nbd2 Bd6 9. Re1 Nf6 10. Nf1 0-0 11. Nh4 Be4 12. Bd3 Bxd3 13. Qxd3 Ne4 14. g3 Rab8 15. Ng2 Na5 16. f3 Nf6 17. Bg5 Nd7 18. f4 h6 19. Bh4 Nc4 20. b3 Ncb6 21. Kh1 Rbc8 22. Rac1 Rfe8 23. Qf3 Be7 24. Bxe7 Rxe7 25. g4 Rce8 26. Re3 Nc8 27. Rce1 Nf6 28. g5 Ne4 29. gxh6 g6 30. Ng3 Ncd6 31. h4 f5 32. c4 Rh7 33. c5 Nb5 34. Nxe4 dxe4 35. Qg3 Rxh6 36. Rd1 Rd8 37. Qg5 Kg7 38. Rg3 Nxd4 39. h5 Nc6 40. Rg1 Rdh8 41. Nh4 Ne7 42. Rh3 Kf7 43. Nxg6 Nxg6 44. Qg2 Qxf4 45. b4 Qf3 46. Qxf3 exf3 47. Rxg6 Rxh5 0-1

[Event "Melbourne Australasian IM"]
[Site "Melbourne"]
[Date "2018.12.20"]
[Round "6"]
[White "Khamatgaleev, Alexej"]
[Black "Chan, Kris"]
[Result "1/2-1/2"]
[WhiteElo "2382"]
[BlackElo "2191"]
[PlyCount "86"]
[EventDate "2018.12.15"]
[EventType "tourn"]
[EventRounds "9"]
[EventCountry "AUS"]
[EventCategory "1"]
[SourceTitle "CBM 187 Extra"]
[Source "ChessBase"]
[SourceDate "2018.11.04"]
[SourceVersion "1"]
[SourceVersionDate "2018.11.04"]
[SourceQuality "1"]

1. e4 e6 2. d4 d5 3. Nc3 Bb4 4. e5 c5 5. a3 Bxc3+ 6. bxc3 Ne7 7. h4 b6 8. Qg4 cxd4 9. Qxg7 Rg8 10. Qxh7 Qc7 11. Ne2 Nbc6 12. Rh3 Ba6 13. Nxd4 Bxf1 14. Kxf1 Nxe5 15. Bg5 N5g6 16. Re1 Nf8 17. Qh5 Neg6 18. Qf3 Qd7 19. c4 Nh7 20. cxd5 Nxg5 21. hxg5 0-0-0 22. d6 Qxd6 23. Qa8+ Kd7 24. Qxa7+ Ke8 25. Qa4+ Qd7 26. Nb5 Kf8 27. Rh7 Rg7 28. Qb4+ Kg8 29. Rxg7+ Kxg7 30. Qc3+ Kg8 31. a4 Rc8 32. Qd3 Qe7 33. Qd2 Rc5 34. f4 Rf5 35. g3 Qxg5 36. Nd4 Rf6 37. Ne2 e5 38. Qd5 Qg4 39. Qg2 exf4 40. gxf4 Qxg2+ 41. Kxg2 Nxf4+ 42. Nxf4 Rxf4 43. Rb1 Rxa4 1/2-1/2

[Event "Melbourne Australasian IM"]
[Site "Melbourne"]
[Date "2018.12.18"]
[Round "4"]
[White "Chan, Luis"]
[Black "Chan, Kris"]
[Result "1-0"]
[WhiteElo "2261"]
[BlackElo "2191"]
[PlyCount "69"]
[EventDate "2018.12.15"]
[EventType "tourn"]
[EventRounds "9"]
[EventCountry "AUS"]
[EventCategory "1"]
[SourceTitle "CBM 187 Extra"]
[Source "ChessBase"]
[SourceDate "2018.11.04"]
[SourceVersion "1"]
[SourceVersionDate "2018.11.04"]
[SourceQuality "1"]

1. Nf3 Nf6 2. g3 g6 3. Bg2 Bg7 4. 0-0 0-0 5. d3 c5 6. Nc3 Nc6 7. e4 e5 8. Nd2 d6 9. Nc4 Nh5 10. Be3 Be6 11. h3 Nd4 12. a4 Rb8 13. Nd5 a6 14. c3 Bxd5 15. exd5 Nf5 16. Bd2 b5 17. axb5 axb5 18. Na5 Ne7 19. Bf3 Nf6 20. Qb3 Qd7 21. Bg2 Qf5 22. Rfd1 h5 23. Be3 Rfc8 24. Qa2 g5 25. Nc6 Nxc6 26. dxc6 g4 27. Qa7 Ne8 28. Qd7 Qe6 29. hxg4 hxg4 30. Ra7 Ra8 31. Rxa8 Rxa8 32. Qb7 Qc8 33. b4 cxb4 34. cxb4 Nc7 35. Bb6 1-0

[Event "Melbourne Australasian IM"]
[Site "Melbourne"]
[Date "2018.12.17"]
[Round "3"]
[White "Dragicevic, Domagoj"]
[Black "Chan, Kris"]
[Result "1-0"]
[WhiteElo "2193"]
[BlackElo "2191"]
[PlyCount "53"]
[EventDate "2018.12.15"]
[EventType "tourn"]
[EventRounds "9"]
[EventCountry "AUS"]
[EventCategory "1"]
[SourceTitle "CBM 187 Extra"]
[Source "ChessBase"]
[SourceDate "2018.11.04"]
[SourceVersion "1"]
[SourceVersionDate "2018.11.04"]
[SourceQuality "1"]

1. e4 c5 2. Nf3 Nc6 3. d4 cxd4 4. Nxd4 Nf6 5. Nc3 e5 6. Ndb5 d6 7. Bg5 a6 8. Na3 b5 9. Nd5 Be7 10. Bxf6 Bxf6 11. c4 b4 12. Nc2 a5 13. g3 0-0 14. h4 a4 15. Qd2 Bg4 16. Bg2 b3 17. Nce3 Be6 18. axb3 axb3 19. Rxa8 Qxa8 20. Nxf6+ gxf6 21. 0-0 Nd4 22. f4 Qc8 23. f5 Bxc4 24. Ng4 Qc5 25. Kh2 Bxf1 26. Qh6 Nf3+ 27. Bxf3 1-0

[Event "Adelaide Lidums GM"]
[Site "Adelaide"]
[Date "2018.12.11"]
[Round "5"]
[White "Ikeda, Junta"]
[Black "Chan, Kris"]
[Result "1-0"]
[WhiteElo "2421"]
[BlackElo "2191"]
[PlyCount "69"]
[EventDate "2018.12.08"]
[EventType "tourn"]
[EventRounds "9"]
[EventCountry "AUS"]
[EventCategory "7"]
[SourceTitle "CBM 187 Extra"]
[Source "ChessBase"]
[SourceDate "2018.11.04"]
[SourceVersion "1"]
[SourceVersionDate "2018.11.04"]
[SourceQuality "1"]

1. Nf3 d5 2. g3 Bg4 3. Bg2 Nd7 4. c4 e6 5. cxd5 exd5 6. 0-0 Ngf6 7. Nc3 c6 8. d3 Be7 9. Qb3 0-0 10. h3 Nc5 11. Qc2 Bf5 12. b4 Ne6 13. Rb1 a5 14. b5 c5 15. e4 Bg6 16. Ne5 Nd4 17. Qd1 dxe4 18. dxe4 Qc7 19. f4 Rad8 20. Qe1 Rfe8 21. Nxg6 hxg6 22. e5 Nh7 23. Nd5 Qd7 24. g4 g5 25. Qxa5 gxf4 26. Bxf4 Bg5 27. Bh2 Bh4 28. Kh1 Nf8 29. Qc3 Nfe6 30. a4 Rf8 31. Qc4 Kh8 32. a5 Nc7 33. Nxc7 Qxc7 34. e6 Qxa5 35. Qxc5 1-0

[Event "Hong Kong Jolimark op"]
[Site "Hong Kong"]
[Date "2017.12.26"]
[Round "7"]
[White "Concio, Michael Jr"]
[Black "Chan, Kris"]
[Result "1/2-1/2"]
[WhiteElo "1853"]
[BlackElo "2153"]
[PlyCount "131"]
[EventDate "2017.12.23"]
[EventType "swiss"]
[EventRounds "9"]
[EventCountry "HKG"]
[SourceTitle "CBM 182 Extra"]
[Source "ChessBase"]
[SourceDate "2018.02.23"]
[SourceVersion "1"]
[SourceVersionDate "2018.02.23"]
[SourceQuality "1"]

1. d4 Nf6 2. Nf3 d5 3. g3 b5 4. Bg2 Bb7 5. 0-0 e6 6. Ne5 c5 7. Re1 Nbd7 8. Nxd7 Qxd7 9. c3 Be7 10. Bg5 h6 11. Bxf6 Bxf6 12. e3 0-0 13. Nd2 Rfc8 14. Nb3 cxd4 15. cxd4 Be7 16. Rc1 Rc7 17. Rxc7 Qxc7 18. Qd2 Qb6 19. Rc1 a5 20. Nc5 Rc8 21. Bf1 Bxc5 22. Rxc5 Rxc5 23. dxc5 Qc6 24. f3 Qxc5 25. Qd4 Qxd4 26. exd4 b4 27. Kf2 Kf8 28. Ke3 Ke7 29. Bd3 Kd6 30. a3 bxa3 31. bxa3 f6 32. Bc2 e5 33. Bd3 Bc6 34. Bc2 Be8 35. Bd3 Ba4 36. Be2 Bc2 37. Bb5 Bd1 38. f4 e4 39. h4 Bg4 40. Kd2 Kc7 41. Ba4 Bd7 42. Bb3 Kd6 43. Bd1 a4 44. Be2 Kc7 45. Bh5 Bb5 46. Bf7 Bc6 47. Bh5 Kb6 48. Ke3 Bb5 49. Kd2 Kc7 50. Bf7 Kd6 51. Ke3 Bc6 52. Bh5 Ke6 53. Be2 g6 54. Bf1 Kd6 55. Be2 Kc7 56. Bf1 Kb6 57. Be2 Bb5 58. Bg4 f5 59. Bd1 h5 60. Kd2 Ka5 61. Ke3 Bc4 62. Kd2 Kb5 63. Ke3 Bd3 64. Kd2 Kc4 65. Ke3 Kb5 66. Kd2 1/2-1/2

[Event "Hong Kong Jolimark op"]
[Site "Hong Kong"]
[Date "2017.12.24"]
[Round "3"]
[White "Chan, Kris"]
[Black "Grigoryan, Karen H"]
[Result "0-1"]
[WhiteElo "2153"]
[BlackElo "2571"]
[PlyCount "92"]
[EventDate "2017.12.23"]
[EventType "swiss"]
[EventRounds "9"]
[EventCountry "HKG"]
[SourceTitle "CBM 182 Extra"]
[Source "ChessBase"]
[SourceDate "2018.02.23"]
[SourceVersion "1"]
[SourceVersionDate "2018.02.23"]
[SourceQuality "1"]

1. d4 Nf6 2. c4 e6 3. g3 c5 4. d5 exd5 5. cxd5 d6 6. Bg2 g6 7. Nc3 Bg7 8. Nf3 0-0 9. 0-0 Re8 10. Bf4 Na6 11. Re1 Bg4 12. Nd2 Nh5 13. Be3 Rxe3 14. fxe3 Qe7 15. Nc4 Nf6 16. e4 Rd8 17. Nd2 Nh5 18. Nc4 Nf6 19. Qb3 Bc8 20. Nb5 Ng4 21. Nxa7 Ne5 22. Nxc8 Rxc8 23. Nxe5 Bxe5 24. Rac1 h5 25. Rf1 Qd7 26. Qf3 Rc7 27. b3 b5 28. e3 c4 29. bxc4 bxc4 30. Qe2 Qa4 31. g4 h4 32. Qf2 h3 33. Bxh3 c3 34. g5 Nc5 35. Rb1 Qa7 36. Be6 c2 37. Rbc1 Nd3 38. Qd2 Nxc1 39. Rxc1 Qxa2 40. Bxf7+ Kxf7 41. Qf2+ Kg8 42. Rf1 Qa8 43. Rc1 Qa1 44. Qf1 Bb2 45. Rxa1 Bxa1 46. Qc1 Bb2 0-1

[Event "Oceania zt 3.6"]
[Site "Auckland"]
[Date "2017.01.19"]
[Round "8"]
[White "Chan, Kris"]
[Black "Zelesco, Karl"]
[Result "0-1"]
[WhiteElo "2120"]
[BlackElo "2345"]
[PlyCount "86"]
[EventDate "2017.01.14"]
[EventType "swiss"]
[EventRounds "9"]
[EventCountry "NZL"]
[SourceTitle "CBM 176 Extra"]
[Source "ChessBase"]
[SourceDate "2017.03.02"]
[SourceVersion "1"]
[SourceVersionDate "2017.03.02"]
[SourceQuality "1"]

1. e4 e5 2. Nf3 Nc6 3. Bb5 a6 4. Ba4 Nge7 5. c3 g6 6. d4 exd4 7. cxd4 b5 8. Bc2 Bg7 9. d5 Na5 10. Bd2 c5 11. Bc3 0-0 12. 0-0 d6 13. Bxg7 Kxg7 14. b4 Nb7 15. bxc5 dxc5 16. a4 Bg4 17. h3 Bxf3 18. Qxf3 f6 19. Nd2 Qc7 20. axb5 axb5 21. Qb3 Nd6 22. f4 Ra5 23. e5 fxe5 24. fxe5 Rxa1 25. Rxa1 Qb6 26. Kh2 c4 27. Qb4 Qd4 28. Qxd6 Nc8 29. Qd7+ Rf7 30. Qe6 Qxa1 31. Nf3 Qc1 32. Qxc8 Qxc2 33. Ng5 Qf5 34. e6 Qe5+ 35. Kg1 Qa1+ 36. Kh2 Qe5+ 37. Kg1 Ra7 38. Nf3 Qxd5 39. Qe8 Qc5+ 40. Kh2 Qd6+ 41. Kg1 Qc5+ 42. Kh2 Re7 43. Qd8 Rxe6 0-1

[Event "Australian Masters IM"]
[Site "Melbourne"]
[Date "2016.12.17"]
[Round "8"]
[White "Brown, Andrew"]
[Black "Chan, Kris"]
[Result "1/2-1/2"]
[WhiteElo "2232"]
[BlackElo "2183"]
[PlyCount "130"]
[EventDate "2016.12.10"]
[EventType "tourn"]
[EventRounds "9"]
[EventCountry "AUS"]
[SourceTitle "CBM 176 Extra"]
[Source "ChessBase"]
[SourceDate "2017.03.02"]
[SourceVersion "1"]
[SourceVersionDate "2017.03.02"]
[SourceQuality "1"]

1. e4 e6 2. d4 d5 3. Nc3 Bb4 4. e5 c5 5. a3 Bxc3+ 6. bxc3 Qa5 7. Bd2 Qa4 8. f4 Nc6 9. Nf3 cxd4 10. cxd4 Nxd4 11. Bb4 Nc6 12. Nd4 a6 13. Nxc6 Qxc6 14. Qg4 g6 15. Bd3 Qb6 16. Ke2 Bd7 17. Rab1 Bb5 18. Bd6 Rc8 19. Rxb5 axb5 20. Rb1 Ne7 21. Qg5 Qd8 22. Qf6 Rg8 23. Bxb5+ Nc6 24. Bxc6+ Rxc6 25. Qxd8+ Kxd8 26. Rxb7 g5 27. f5 exf5 28. Kd3 h5 29. Rxf7 f4 30. a4 Ra6 31. Rb7 Rg6 32. Rb4 Kd7 33. Kd4 Ke6 34. Kc5 Rg8 35. Kb5 Rga8 36. Bc7 h4 37. a5 R6a7 38. Bb6 Rf7 39. h3 Kxe5 40. a6 Kd6 41. Rd4 Ke5 42. Rd1 Rb8 43. Ka5 Kd6 44. c4 Kc6 45. cxd5+ Kd6 46. a7 Ra8 47. Ka6 f3 48. gxf3 Rxf3 49. Kb7 Re8 50. Bc7+ Kd7 51. Rb1 Rxh3 52. Rb6 Ra3 53. Rd6+ Ke7 54. Re6+ Kd7 55. Rd6+ Ke7 56. Re6+ Kd7 57. Rxe8 Kxe8 58. a8Q+ Rxa8 59. Kxa8 Kd7 60. Kb7 g4 61. Kb6 g3 62. Bf4 g2 63. Bh2 g1Q+ 64. Bxg1 Kd6 65. Kb5 Kxd5 1/2-1/2

[Event "Australian Masters IM"]
[Site "Melbourne"]
[Date "2016.12.15"]
[Round "6"]
[White "Levi, Eddy"]
[Black "Chan, Kris"]
[Result "1-0"]
[WhiteElo "2152"]
[BlackElo "2183"]
[PlyCount "51"]
[EventDate "2016.12.10"]
[EventType "tourn"]
[EventRounds "9"]
[EventCountry "AUS"]
[SourceTitle "CBM 176 Extra"]
[Source "ChessBase"]
[SourceDate "2017.03.02"]
[SourceVersion "1"]
[SourceVersionDate "2017.03.02"]
[SourceQuality "1"]

1. Nc3 d5 2. e4 e6 3. Nf3 Nf6 4. e5 Nfd7 5. d4 c5 6. dxc5 Nc6 7. Bf4 Qa5 8. a3 Qxc5 9. Bd3 f6 10. exf6 Nxf6 11. Nb5 Kd8 12. 0-0 Nh5 13. b4 Qe7 14. Bg5 Nf6 15. c4 a6 16. cxd5 exd5 17. Nc3 Be6 18. Bc4 Qd6 19. Bxd5 Kc7 20. Bxe6 Qxe6 21. Re1 Qf5 22. Qb3 Rd8 23. b5 axb5 24. Nxb5+ Kc8 25. Qa4 Bc5 26. Bf4 1-0

[Event "World ol U16"]
[Site "Poprad"]
[Date "2016.07.27"]
[Round "7.1"]
[White "Chan, Kris"]
[Black "Bratkovic, Jakob"]
[Result "1-0"]
[WhiteElo "2187"]
[BlackElo "2186"]
[PlyCount "93"]
[EventDate "2016.07.22"]
[EventType "team-swiss"]
[EventRounds "9"]
[EventCountry "SVK"]
[SourceTitle "EXT 2017"]
[Source "ChessBase"]
[SourceDate "2016.10.25"]
[SourceVersion "1"]
[SourceVersionDate "2016.10.25"]
[SourceQuality "1"]
[WhiteTeam "Australia"]
[BlackTeam "Slovenia"]
[WhiteTeamCountry "AUS"]
[BlackTeamCountry "SLO"]

1. d4 d5 2. c4 c6 3. Nc3 Nf6 4. e3 e6 5. Nf3 Nbd7 6. b3 Bb4 7. Bd2 0-0 8. Bd3 Re8 9. 0-0 Bd6 10. e4 dxe4 11. Nxe4 Nxe4 12. Bxe4 e5 13. dxe5 Nxe5 14. Qc2 f5 15. Bxf5 Nxf3+ 16. gxf3 Bxf5 17. Qxf5 Bxh2+ 18. Kxh2 Qxd2 19. Rad1 Qh6+ 20. Qh3 Qf4+ 21. Qg3 Qf7 22. Rd4 Re6 23. Rg4 Rf8 24. Rd1 Kh8 25. Rdd4 Rf6 26. f4 Rh6+ 27. Kg2 Qe7 28. Qe3 Qf7 29. Qe5 Rg6 30. Rxg6 Qxg6+ 31. Qg5 Qf7 32. Qg4 g5 33. Qxg5 Rg8 34. Rd8 Rxd8 35. Qxd8+ Kg7 36. Qd4+ Kg8 37. Qxa7 Qg7+ 38. Kf3 h5 39. Qb8+ Kh7 40. Qc8 Qg6 41. Qxb7+ Kh6 42. Qe7 Qd3+ 43. Kg2 Qd1 44. Qg5+ Kh7 45. f5 Qe2 46. Qg6+ Kh8 47. f6 1-0

[Event "Doeberl Cup 54th"]
[Site "Canberra"]
[Date "2016.03.26"]
[Round "6"]
[White "Brown, Andrew"]
[Black "Chan, Kris"]
[Result "0-1"]
[WhiteElo "2187"]
[BlackElo "2098"]
[PlyCount "74"]
[EventDate "2016.03.24"]
[EventType "swiss"]
[EventRounds "9"]
[EventCountry "AUS"]
[SourceTitle "EXT 2018"]
[Source "ChessBase"]
[SourceDate "2017.10.13"]
[SourceVersion "1"]
[SourceVersionDate "2017.10.13"]
[SourceQuality "1"]

1. d4 d5 2. c4 e6 3. Nc3 c6 4. Nf3 dxc4 5. e3 b5 6. a4 Bb4 7. Ne5 Bb7 8. Be2 Nd7 9. f4 Ngf6 10. Bf3 Qb6 11. 0-0 a6 12. Bd2 Rd8 13. a5 Qc7 14. Nxb5 cxb5 15. Bxb4 Bxf3 16. Qxf3 Nd5 17. Bd2 Qd6 18. e4 N5f6 19. Bc3 b4 20. Bxb4 Qxb4 21. Nc6 Qb7 22. Nxd8 Kxd8 23. Qc3 Nxe4 24. Qc2 f5 25. Rfc1 Nd6 26. Kh1 Ke7 27. Re1 Nf6 28. Re5 Nfe4 29. d5 Rb8 30. Rxe6+ Kf7 31. Qe2 Qxd5 32. Re5 Qd4 33. Qh5+ Kf8 34. g3 Rxb2 35. Rxf5+ Nxf5 36. Qxf5+ Nf6 37. Re1 Qd5+ 0-1

[Event "Doeberl Cup 54th"]
[Site "Canberra"]
[Date "2016.03.26"]
[Round "5"]
[White "Chan, Kris"]
[Black "D'Arcy, Michael"]
[Result "1-0"]
[WhiteElo "2098"]
[BlackElo "1892"]
[PlyCount "67"]
[EventDate "2016.03.24"]
[EventType "swiss"]
[EventRounds "9"]
[EventCountry "AUS"]
[SourceTitle "EXT 2018"]
[Source "ChessBase"]
[SourceDate "2017.10.13"]
[SourceVersion "1"]
[SourceVersionDate "2017.10.13"]
[SourceQuality "1"]

1. d4 Nf6 2. c4 e6 3. Nc3 Bb4 4. e3 b6 5. Nge2 Ba6 6. a3 Bxc3+ 7. Nxc3 d5 8. Qf3 Bb7 9. cxd5 Nxd5 10. e4 Nxc3 11. bxc3 Qf6 12. Qxf6 gxf6 13. Bd3 Rg8 14. Bf4 Nd7 15. Rg1 c5 16. f3 Ke7 17. Kf2 Rac8 18. Rac1 h5 19. Rgd1 h4 20. Bb5 Rgd8 21. e5 cxd4 22. cxd4 Nf8 23. Bd2 a5 24. Bf4 Ng6 25. exf6+ Kxf6 26. Bc7 Rd5 27. a4 h3 28. g3 Rf5 29. f4 Rg8 30. Be5+ Nxe5 31. dxe5+ Kg7 32. Rd7 Bd5 33. Be2 Kh8 34. Ke3 1-0